[Event "MCRDMZ 2018"]
[Site "Varnsdorf"]
[Date "2018.06.17"]
[Round "9.16"]
[White "Hosova Stella (Nebusice)"]
[Black "Licka Denis (BSS F-M A)"]
[Result "0-1"]
[BlackElo "1537"]
[WhiteElo "1166"]
[LiveChessVersion "1.4.8"]

1. d4 {[%clk 0:25:18]} Nf6 {[%clk 0:25:19]} 2. Bf4 {[%clk 0:25:23]} e6
{[%clk 0:25:17]} 3. e3 {[%clk 0:25:18]} b6 {[%clk 0:25:20]} 4. Bd3
{[%clk 0:25:12]} Bb7 {[%clk 0:25:24]} 5. Nf3 {[%clk 0:25:06]} Be7
{[%clk 0:24:55]} 6. c3 {[%clk 0:25:10]} d6 {[%clk 0:24:40]} 7. Nbd2
{[%clk 0:24:52]} O-O {[%clk 0:24:40]} 8. Qc2 {[%clk 0:24:52]} Nbd7
{[%clk 0:24:36]} 9. Bg5 {[%clk 0:24:55]} h6 {[%clk 0:24:29]} 10. Bxf6
{[%clk 0:25:00]} Nxf6 {[%clk 0:24:36]} 11. e4 {[%clk 0:24:54]} Qd7
{[%clk 0:24:28]} 12. e5 {[%clk 0:24:58]} Nd5 {[%clk 0:24:06]} 13. O-O-O
{[%clk 0:24:24]} a5 {[%clk 0:23:56]} 14. a3 {[%clk 0:24:18]} b5 {[%clk 0:23:49]}
15. h4 {[%clk 0:23:59]} b4 {[%clk 0:23:13]} 16. c4 {[%clk 0:23:43]} Nb6
{[%clk 0:22:26]} 17. g4 {[%clk 0:22:57]} bxa3 {[%clk 0:20:59]} 18. bxa3
{[%clk 0:22:43]} Qc8 {[%clk 0:08:10]} 19. Ng5 {[%clk 0:22:27]} Bxh1
{[%clk 0:07:31]} 20. Rxh1 {[%clk 0:22:02]} Qb7 {[%clk 0:06:46]} 21. Rh2
{[%clk 0:21:58]} Rfd8 {[%clk 0:00:45]} 22. Be2 {[%clk 0:21:37]} Kf8
{[%clk 0:00:21]} 23. Qh7 {[%clk 0:21:14]} Ke8 {[%clk 0:00:16]} 24. Qg8+
{[%clk 0:21:21]} Kd7 {[%clk 0:00:22]} 25. Qxf7 {[%clk 0:21:25]} Kc8
{[%clk 0:00:11]} 26. Qxe6+ {[%clk 0:21:12]} Rd7 {[%clk 0:00:15]} 27. c5
{[%clk 0:21:15]} Nd5 {[%clk 0:00:14]} 28. Bf3 {[%clk 0:21:12]} Rb8
{[%clk 0:00:11]} 29. Bxd5 {[%clk 0:21:01]} Qb2+ {[%clk 0:00:20]} 30. Kd1
{[%clk 0:21:05]} Qa1+ {[%clk 0:00:13]} 31. Ke2 {[%clk 0:21:12]} Qxd4
{[%clk 0:00:12]} 32. Bc6 {[%clk 0:21:18]} dxc5 {[%clk 0:00:17]} 33. Bxd7+
{[%clk 0:21:12]} Qxd7 34. Qa6+ {[%clk 0:21:08]} Kd8 {[%clk 0:00:18]} 35. e6
{[%clk 0:20:46]} Qd4 {[%clk 0:00:13]} 36. Nf7+ {[%clk 0:20:47]} Ke8
{[%clk 0:00:21]} 37. Qc6+ {[%clk 0:20:50]} Kf8 {[%clk 0:00:29]} 38. Qxc7
{[%clk 0:20:45]} Re8 {[%clk 0:00:17]} 39. Nf3 {[%clk 0:20:44]} Qc4+
{[%clk 0:00:17]} 40. Ke3 {[%clk 0:20:48]} Qxe6+ {[%clk 0:00:23]} 41. N3e5
{[%clk 0:20:47]} Qb3+ {[%clk 0:00:13]} 42. Ke4 {[%clk 0:20:48]} Bf6 43. Qd6+
{[%clk 0:20:43]} Be7 {[%clk 0:01:29]} 44. Ng6+ {[%clk 0:20:15]} Kxf7
{[%clk 0:01:25]} 45. Ne5+ {[%clk 0:20:07]} Kg8 {[%clk 0:01:12]} 46. Qg6
{[%clk 0:20:08]} Qc2+ {[%clk 0:00:58]} 47. Nd3 {[%clk 0:20:05]} Bf8+
{[%clk 0:00:27]} 48. Kf3 {[%clk 0:19:50]} Qd1+ {[%clk 0:00:13]} 49. Kg2
{[%clk 0:19:49]} Re2 {[%clk 0:00:11]} 50. Nf4 {[%clk 0:19:48]} Re1
{[%clk 0:00:13]} 51. Kg3 {[%clk 0:19:34]} Rg1+ {[%clk 0:00:14]} 52. Kh3 Qf3#
{[%clk 0:00:15]} 0-1

[Event "MCRDMZ 2018"]
[Site "Varnsdorf"]
[Date "2018.06.17"]
[Round "9.17"]
[White "Farkova Katerina (BSS F-M A)"]
[Black "Hlavina Lukas (Nebusice)"]
[Result "1-0"]
[BlackElo "1044"]
[WhiteElo "1554"]
[LiveChessVersion "1.4.8"]

1. e4 {[%clk 0:25:18]} e5 {[%clk 0:25:19]} 2. Nf3 {[%clk 0:25:27]} Nc6
{[%clk 0:25:27]} 3. Nc3 {[%clk 0:25:36]} Nf6 {[%clk 0:25:33]} 4. Bc4
{[%clk 0:25:44]} Bc5 {[%clk 0:25:40]} 5. d3 {[%clk 0:25:53]} h6 {[%clk 0:25:45]}
6. Be3 {[%clk 0:26:00]} Bb6 {[%clk 0:25:53]} 7. Qd2 {[%clk 0:26:01]} O-O
{[%clk 0:25:58]} 8. h3 {[%clk 0:26:03]} d6 {[%clk 0:26:02]} 9. g4
{[%clk 0:25:21]} Nh7 {[%clk 0:25:36]} 10. O-O-O {[%clk 0:25:04]} Bxe3
{[%clk 0:25:36]} 11. Qxe3 {[%clk 0:25:05]} Be6 {[%clk 0:24:59]} 12. Bd5
{[%clk 0:25:09]} Na5 {[%clk 0:24:13]} 13. Rdg1 {[%clk 0:23:44]} Qd7
{[%clk 0:24:05]} 14. Nh4 {[%clk 0:22:53]} Bxd5 {[%clk 0:24:02]} 15. exd5
{[%clk 0:22:48]} c6 {[%clk 0:21:32]} 16. Nf5 {[%clk 0:19:55]} f6 {[%clk 0:20:15]}
17. h4 {[%clk 0:18:40]} cxd5 {[%clk 0:20:14]} 18. Nxd5 {[%clk 0:18:45]} Rae8
{[%clk 0:19:26]} 19. Qxa7 {[%clk 0:17:21]} Nc6 {[%clk 0:18:44]} 20. Qa4
{[%clk 0:14:44]} Rf7 {[%clk 0:18:05]} 21. Qc4 {[%clk 0:13:54]} Nd4
{[%clk 0:17:29]} 22. Nxd4 {[%clk 0:12:45]} exd4 {[%clk 0:17:38]} 23. Qxd4
{[%clk 0:12:53]} f5 {[%clk 0:17:02]} 24. g5 {[%clk 0:12:00]} hxg5
{[%clk 0:16:21]} 25. hxg5 {[%clk 0:12:00]} Kf8 {[%clk 0:13:24]} 26. Rxh7
{[%clk 0:11:38]} Qe6 {[%clk 0:12:07]} 27. Rh8# {[%clk 0:11:26]} 1-0

[Event "MCRDMZ 2018"]
[Site "Varnsdorf"]
[Date "2018.06.17"]
[Round "9.18"]
[White "Suchy Erik (Nebusice)"]
[Black "Buchtova Viktorie (BSS F-M A)"]
[Result "0-1"]
[BlackElo "1118"]
[WhiteElo "1100"]
[LiveChessVersion "1.4.8"]

1. e4 {[%clk 0:25:18]} e5 {[%clk 0:25:19]} 2. Nf3 {[%clk 0:25:23]} Nc6
{[%clk 0:25:25]} 3. Bc4 {[%clk 0:25:27]} Nf6 {[%clk 0:25:33]} 4. O-O
{[%clk 0:25:22]} Bb4 {[%clk 0:25:06]} 5. a3 {[%clk 0:25:25]} Bc5 {[%clk 0:25:14]}
6. Nc3 {[%clk 0:25:07]} d6 {[%clk 0:25:19]} 7. d3 {[%clk 0:25:14]} Bg4
{[%clk 0:25:25]} 8. h3 {[%clk 0:25:20]} Bh5 {[%clk 0:25:33]} 9. Bg5
{[%clk 0:24:42]} Nd4 {[%clk 0:25:27]} 10. Nd5 {[%clk 0:24:41]} Nxf3+
{[%clk 0:25:23]} 11. gxf3 {[%clk 0:24:41]} Rg8 {[%clk 0:24:48]} 12. Bh4
{[%clk 0:24:48]} g5 {[%clk 0:24:27]} 13. Bg3 {[%clk 0:24:50]} Nxd5
{[%clk 0:24:16]} 14. Bxd5 {[%clk 0:24:55]} Qf6 {[%clk 0:24:15]} 15. Kg2
{[%clk 0:24:24]} O-O-O {[%clk 0:24:09]} 16. b4 {[%clk 0:23:44]} Bd4
{[%clk 0:24:12]} 17. Rb1 {[%clk 0:23:33]} Kb8 {[%clk 0:23:37]} 18. a4
{[%clk 0:23:33]} Bg6 {[%clk 0:23:35]} 19. b5 {[%clk 0:23:37]} h5 {[%clk 0:23:43]}
20. Bh2 {[%clk 0:23:27]} g4 {[%clk 0:23:38]} 21. fxg4 {[%clk 0:23:31]} hxg4
{[%clk 0:23:46]} 22. Qxg4 {[%clk 0:23:19]} Bh5 {[%clk 0:23:41]} 23. Qxg8
{[%clk 0:22:45]} Rxg8+ {[%clk 0:23:48]} 24. Kh1 {[%clk 0:22:52]} Qf3#
{[%clk 0:23:55]} 0-1